Amounts the U.S. government has payed for land - Statistics

General Stats
  • This quiz has been taken 17 times
  • The average score is 2 of 8
Answer Stats
Item Price % Correct
Louisiana Territory 15 Million
100%
Florida 5 Million
50%
Alaska 7.2 Million
50%
Gadsden Purchase 10 Million
0%
Water Island 10 Thousand
0%
Mexican Cession 15 Million
0%
The Philippines 20 Million
0%
U.S. Virgin Islands 25 Million
0%
No matching quizzes found
Score Distribution
Percent of People with Each Score
Percentile by Number Answered
Your Score History
You have not taken this quiz